[Event "Gelendzhik op 13th"]
[Site "Gelendzhik"]
[Date "2017.01.11"]
[Round "8"]
[White "Liubavsky, Grigory"]
[Black "Rolgeizer, Genrikh"]
[Result "0-1"]
[WhiteElo "1830"]
[BlackElo "1953"]
[PlyCount "124"]
[EventDate "2017.01.04"]
[EventType "swiss"]
[EventRounds "9"]
[EventCountry "RUS"]
[SourceTitle "CBM 176 Extra"]
[Source "ChessBase"]
[SourceDate "2017.03.02"]
[SourceVersion "1"]
[SourceVersionDate "2017.03.02"]
[SourceQuality "1"]

1. e4 e5 2. Nf3 Nc6 3. Bb5 a6 4. Ba4 b5 5. Bb3 Na5 6. 0-0 d6 7. d4 Nxb3 8. axb3 f6 9. dxe5 dxe5 10. Qxd8+ Kxd8 11. Be3 Be6 12. Rd1+ Kc8 13. Nbd2 Ne7 14. Kf1 Nc6 15. c3 Be7 16. h3 Kb7 17. Ne1 Rad8 18. c4 b4 19. Ke2 Rd7 20. Nf1 Rxd1 21. Rxd1 Na5 22. Rd3 Nxb3 23. Rxb3 Bxc4+ 24. Rd3 Rd8 25. Nd2 Bxd3+ 26. Nxd3 Kc6 27. b3 Kb5 28. f4 a5 29. Nb2 exf4 30. Bxf4 Rd7 31. Na4 Bc5 32. Nf3 c6 33. Nd2 Bd4 34. Nc4 Be5 35. Be3 Bc7 36. Nc5 Re7 37. Kd3 g6 38. Bd4 Be5 39. Nxe5 fxe5 40. Be3 Rf7 41. Ke2 g5 42. Na4 h6 43. Nb2 Rg7 44. g3 g4 45. hxg4 Rxg4 46. Kf3 Rg6 47. g4 Rf6+ 48. Ke2 c5 49. Nd3 c4 50. bxc4+ Kxc4 51. Nxe5+ Kc3 52. Bd2+ Kb3 53. Nd3 Rg6 54. Ne5 Re6 55. Bf4 Ka2 56. Kd3 Rd6+ 57. Kc4 b3 58. Bc1 b2 59. Bxb2 Kxb2 60. Kc5 Re6 61. Kd5 Rxe5+ 62. Kxe5 a4 0-1

[Event "Gelendzhik op 12th"]
[Site "Gelendzhik"]
[Date "2016.06.03"]
[Round "7"]
[White "Rolgeizer, Martin"]
[Black "Liubavsky, Grigory"]
[Result "1/2-1/2"]
[WhiteElo "1752"]
[BlackElo "1793"]
[PlyCount "96"]
[EventDate "2016.05.28"]
[EventType "swiss"]
[EventRounds "9"]
[EventCountry "RUS"]
[SourceTitle "CBM 172 Extra"]
[Source "ChessBase"]
[SourceDate "2016.06.21"]
[SourceVersion "1"]
[SourceVersionDate "2016.06.21"]
[SourceQuality "1"]

1. e4 e5 2. Nf3 Nc6 3. Bb5 a6 4. Ba4 Nf6 5. 0-0 b5 6. Bb3 Be7 7. Re1 0-0 8. c3 d5 9. exd5 Nxd5 10. Nxe5 Nxe5 11. Rxe5 c6 12. d4 Bd6 13. Re4 Bf5 14. Bxd5 cxd5 15. Re3 Qh4 16. h3 Rae8 17. Qf3 Be6 18. Nd2 g5 19. Nf1 f5 20. Bd2 g4 21. Qe2 Bd7 22. hxg4 fxg4 23. Re1 b4 24. Rxe8 Rxe8 25. Qxa6 Rxe1 26. Bxe1 Qe7 27. cxb4 Kg7 28. Bd2 h5 29. Qd3 h4 30. Qe3 Qxe3 31. Bxe3 Bxb4 32. Bf4 Be6 33. a3 Be7 34. Be5+ Kf7 35. Ne3 Ke8 36. Nd1 Bg5 37. Kf1 h3 38. gxh3 gxh3 39. Kg1 Bc1 40. Kh2 Kd7 41. a4 Kc6 42. b3 Bd2 43. f4 Bf5 44. Nf2 Kb6 45. Nxh3 Bc2 46. Nf2 Bxb3 47. f5 Bxa4 48. f6 Be8 1/2-1/2

[Event "Gelendzhik op 12th"]
[Site "Gelendzhik"]
[Date "2016.06.01"]
[Round "5"]
[White "Ativanov, Petr"]
[Black "Liubavsky, Grigory"]
[Result "0-1"]
[WhiteElo "1549"]
[BlackElo "1793"]
[PlyCount "68"]
[EventDate "2016.05.28"]
[EventType "swiss"]
[EventRounds "9"]
[EventCountry "RUS"]
[SourceTitle "CBM 172 Extra"]
[Source "ChessBase"]
[SourceDate "2016.06.21"]
[SourceVersion "1"]
[SourceVersionDate "2016.06.21"]
[SourceQuality "1"]

1. e4 Nf6 2. Nc3 d6 3. Nf3 g6 4. d4 Bg7 5. Be3 Nbd7 6. Qd2 Ng4 7. Bg5 c5 8. h3 cxd4 9. Nxd4 Ngf6 10. 0-0-0 a6 11. Bh6 Bxh6 12. Qxh6 b5 13. g4 b4 14. Nd5 Bb7 15. Bg2 Rc8 16. Kb1 Nxd5 17. Qg7 Nc3+ 18. bxc3 Rf8 19. cxb4 Qb6 20. Nb3 Qxb4 21. Qb2 Nb6 22. Rd4 Nc4 23. Bf1 Qe1+ 24. Qc1 Na3+ 25. Kb2 Qxc1+ 26. Nxc1 Nxc2 27. Ra4 f5 28. gxf5 gxf5 29. Bd3 fxe4 30. Bxa6 Bxa6 31. Rxa6 Rxf2 32. Ra4 Ne1+ 33. Kb1 Rb8+ 34. Nb3 Nf3 0-1

[Event "Gelendzhik op"]
[Site "Gelendzhik"]
[Date "2015.01.10"]
[Round "7"]
[White "Liubavsky, Grigory"]
[Black "Karabet, Evgeniu"]
[Result "1-0"]
[WhiteElo "1854"]
[BlackElo "1641"]
[PlyCount "95"]
[EventDate "2015.01.04"]
[EventType "swiss"]
[EventRounds "9"]
[EventCountry "RUS"]
[SourceTitle "CBM 164 Extra"]
[Source "ChessBase"]
[SourceDate "2015.03.02"]
[SourceVersion "1"]
[SourceVersionDate "2015.03.02"]
[SourceQuality "1"]

1. e4 e6 2. d4 d5 3. Nc3 Bb4 4. e5 c5 5. a3 Bxc3+ 6. bxc3 Ne7 7. Nf3 Nbc6 8. Bg5 Qa5 9. Bd2 Qa4 10. Be3 Nf5 11. Bd3 Nxe3 12. fxe3 c4 13. Be2 b5 14. 0-0 h6 15. Kh1 Qa5 16. Qe1 Bb7 17. Ng1 Qc7 18. Bh5 g6 19. Bf3 a5 20. Ne2 0-0-0 21. Nf4 Ne7 22. a4 bxa4 23. Rxa4 Bc6 24. Ra2 Kb7 25. e4 Ka6 26. Qe2 Rb8 27. exd5 Bxd5 28. Bxd5 Nxd5 29. Nxd5 exd5 30. g3 Rb6 31. Qf3 Rf8 32. Rxa5+ Kb7 33. Qxd5+ Qc6 34. Qxc6+ Rxc6 35. d5 Rb6 36. Rc5 f5 37. d6 Rd8 38. Rc7+ Kb8 39. Rxc4 Rb7 40. Rd1 Rbd7 41. Rcd4 Re8 42. Rd5 Kb7 43. c4 Kc6 44. Rb1 Rb7 45. d7 Rd8 46. e6 Rdb8 47. d8N+ Rxd8 48. Rxd8 1-0

[Event "Gelendzhik op"]
[Site "Gelendzhik"]
[Date "2015.01.06"]
[Round "3"]
[White "Liubavsky, Grigory"]
[Black "Shilo, Kirill"]
[Result "1-0"]
[WhiteElo "1854"]
[BlackElo "1581"]
[PlyCount "82"]
[EventDate "2015.01.04"]
[EventType "swiss"]
[EventRounds "9"]
[EventCountry "RUS"]
[SourceTitle "CBM 164 Extra"]
[Source "ChessBase"]
[SourceDate "2015.03.02"]
[SourceVersion "1"]
[SourceVersionDate "2015.03.02"]
[SourceQuality "1"]

1. e4 d6 2. d4 Nf6 3. Nc3 e5 4. dxe5 dxe5 5. Qxd8+ Kxd8 6. f3 Be6 7. Be3 a6 8. a3 Nbd7 9. g3 Bc5 10. Bxc5 Nxc5 11. Nh3 h6 12. Nf2 g5 13. Be2 Ke7 14. 0-0 Rad8 15. b4 Ncd7 16. Nd3 Bc4 17. Rfd1 Nb8 18. Nxe5 Bxe2 19. Nxe2 Ke6 20. Nc4 Nc6 21. c3 Ke7 22. Nd4 g4 23. Nxc6+ bxc6 24. Kf2 Ke6 25. Ke3 gxf3 26. Kxf3 Nd7 27. Ke3 c5 28. Rd5 cxb4 29. axb4 Ra8 30. Rda5 Nf6 31. Rxa6+ Rxa6 32. Rxa6+ Ke7 33. Ne5 h5 34. h3 Rg8 35. Kf4 Nxe4 36. Kxe4 Rxg3 37. Rc6 f6 38. Rxc7+ Kd6 39. Rd7+ Ke6 40. Rd3 Rg1 41. Nf3 Rh1 1-0